| 000 | 00000nam##2200000za#4500 |
| 001 | 9.617042 |
| 003 | CaOODSP |
| 005 | 20211126112848 |
| 007 | ta |
| 008 | 150406|2004||||xxc||||| f|0| 0 eng|d |
| 022 | |a1192-5434 |
| 040 | |aCaOODSP|beng |
| 043 | |an-cn--- |
| 086 | 1 |aFB3-2/104-18E |
| 110 | 2 |aBank of Canada. |
| 245 | 10|aWhen bad things happen to good banks : |bcontagious bank runs and currency crises / |cby Raphael H. Solomon. |
| 260 | |bBank of Canada |c2004. |
| 300 | |av, 30p. : |breferences, tables ; |c28 cm. |
| 490 | 1 |aWorking paper|x1192-5434|v2004-18 |
| 520 | 3 |aThis working paper is part of a series that examines a range of economic and financial issues of interest to bankers, economists and policymakers. |
| 546 | |a(Résumé en français.) |
| 563 | |aProcessed |
| 590 | |a04-33|b2004-08-13 |
| 720 | 1 |aSolomon, Raphael |
| 776 | 0#|tWhen bad things happen to good banks : |w(CaOODSP)9.580941 |
| 830 | #0|aWorking paper,|x1192-5434|v2004-18|w(CaOODSP)9.514622 |